| 000 | 00528nam a2200193 a 4500 | ||
|---|---|---|---|
| 005 | 20231207063610.0 | ||
| 008 | 991125s1983 mad 000 0 spa u | ||
| 020 | _a8485252934 | ||
| 035 | _aUPN01000016284 | ||
| 049 | _aCG | ||
| 050 | 4 |
_aLC8 _bE86 no.19 |
|
| 100 | 1 |
_aMolina García, Santiago _929352 |
|
| 245 | 1 | 3 |
_aLa dislexia : _brevisión crítica / _cSantiago Molina García. |
| 260 |
_aMadrid : _bCEPE, _c1983. |
||
| 300 | _a124 p. | ||
| 440 | 0 |
_aEducación especial ; _v19 |
|
| 650 | 2 |
_aDislexia _97896 |
|
| 905 | _aLibro | ||
| 999 |
_c16284 _d16284 |
||